Dodie Discography - Statistics

General Stats
  • This quiz has been taken 14 times
  • The average score is 35 of 83
Answer Stats
Album Track Answer % Correct
Human 4 Human
100%
Hot Mess 1 Hot Mess
90%
Dodie (Live at NPR's Tiny Desk) 1 Hot Mess (Live at NPR's Tiny Desk)
90%
Intertwined 1 Intertwined
90%
You 4 You
90%
Human 2 Monster
80%
As featured artist 2020 Monster (Pomplamoose feat. Dodie)
80%
Build a Problem 6 Rainbow
80%
Single 2019 Boys Like You
70%
Build a Problem 14 Boys Like You (bonus)
70%
Build a Problem 4 Cool Girl
70%
Not For Lack Of Trying 12 Not For Lack Of Trying
70%
Human 5 She
70%
You 2 6/10
60%
Intertwined 3 Absolutely Smitten
60%
Hot Mess 2 Got Weird
60%
Single 2022 Got Weird
60%
Single 2021 Hate Myself (Georgia Remix)
60%
Single 2021 Hate Myself (Voice Memo)
60%
Not For Lack Of Trying 6 I Feel Bad For You, Dave
60%
Build a Problem 3 I Kissed Someone (It Wasn't You)
60%
Build a Problem (Apple Music Film Edition) 9 I Kissed Someone (It Wasn't You) (video)
60%
Build a Problem 11 When
60%
Intertwined 6 When (Live)
60%
Dodie (Live at NPR's Tiny Desk) 3 When (Live at NPR's Tiny Desk)
60%
Single 2019 Guiltless
50%
Build a Problem 13 Guiltless (bonus)
50%
Build a Problem 2 Hate Myself
50%
You 1 In the Middle
50%
Hot Mess 3 Lonely Bones
50%
Dodie (Live at NPR's Tiny Desk) 4 Lonely Bones (Live at NPR's Tiny Desk)
50%
MOOMINVALLEY (Official Soundtrack) 2019 Ready Now
50%
Intertwined 5 Sick of Losing Soulmates
50%
Build a Problem 5 Special Girl
50%
Dodie (Live at NPR's Tiny Desk) 2 Special Girl (Live at NPR's Tiny Desk)
50%
Not For Lack Of Trying 5 Tall Kids
50%
You 6 Would You Be So Kind
50%
Build a Problem 12 Before the Line
40%
Human 7 Burned Out
40%
Build a Problem 8 Four Tequilas Down
40%
As featured artist 2019 Here Comes the Sun (Jacob Collier feat. Dodie)
40%
Human 3 Not What I Meant
40%
Single 2018 Party Tattoos
40%
Not For Lack Of Trying 8 The List
40%
Build a Problem 1 Air So Sweet
30%
Build a Problem (Bonus Disc) 5 all my daughters (Demo)
30%
Human 1 Arms Unfolding
30%
Not For Lack Of Trying 3 Darling, Angel, Baby
30%
Not For Lack Of Trying 4 Hold Fire
30%
Human 6 If I'm Being Honest
30%
Not For Lack Of Trying 1 I'M FINE!
30%
Single 2025 I'M FINE!
30%
You 3 Instrumental
30%
Build a Problem (Bonus Disc) 7 in the bed (Demo)
30%
Single 2021 Love to Keep Me Warm
30%
Hot Mess 4 No Big Deal (I Love You)
30%
You 5 Secret for the Mad
30%
Not For Lack Of Trying 2 Smart Girl
30%
Single 2024 Someone Was Listening (from Life is Strange)
30%
Build a Problem 10 Sorry
30%
Not For Lack Of Trying 11 The Answer
30%
Not For Lack Of Trying 10 The End
30%
Build a Problem (Bonus Disc) 6 anything (Demo)
20%
Build a Problem (Bonus Disc) 1 bored like me (Demo)
20%
Build a Problem (Bonus Disc) 8 don't quite belong (Demo)
20%
Build a Problem 9 . (Full Stop)
20%
Intertwined 2 I Have a Hole in My Tooth (And My Dentist Is Shut)
20%
Build a Problem (Bonus Disc) 2 let go (Demo)
20%
Intertwined 4 Life Lesson
20%
Not For Lack Of Trying 7 Now
20%
Build a Problem 7 ? (Question Mark)
20%
As featured artist 2019 Shotgun (Pomplamoose feat. Dodie)
20%
As featured artist 2018 All I Do Is Dream of You (Faultline feat. Dodie)
10%
Build a Problem (Bonus Disc) 3 bite back (Demo)
10%
As featured artist 2019 Breakup Mashup (Pomplamoose feat. Dodie)
10%
Not For Lack Of Trying 9 Different
10%
Single 2024 Old Devil Moon
10%
Build a Problem (Bonus Disc) 4 one last time, please (Demo)
10%
As featured artist 2025 Between Times (Strangers on a Bench feat. Dodie)
0%
As featured artist 2023 Call Me Wild (Cory Wong feat. Dodie)
0%
As featured artist 2021 I Eat Boys (Remix) (Chloe Moriondo feat. Dodie)
0%
As featured artist 2016 More or Less (Frank Hamilton feat. Dodie)
0%
As featured artist 2023 Nobody (Half Alive feat. Dodie)
0%
No matching quizzes found
Score Distribution
Percent of People with Each Score
Percentile by Number Answered
Your Score History
You have not taken this quiz